• Ianni A., Marchetti F., Villa G., Dessimone A., Mirabella P., Mariani M.,

di Personal Name

Records bibliografici associati: 1

001 - CONTROL NUMBER

  • control field: 61002

003 - CONTROL NUMBER IDENTIFIER

  • control field:

005 - DATE AND TIME OF LATEST TRANSACTION

  • control field: 20241014144423.0

008 - FIXED-LENGTH DATA ELEMENTS

  • fixed length control field: 241014|| aca||aabn | a|a d

040 ## - CATALOGING SOURCE

  • Original cataloging agency:
  • Transcribing agency:

100 ## - HEADING--PERSONAL NAME

  • Personal name: Ianni A., Marchetti F., Villa G., Dessimone A., Mirabella P., Mariani M.,
  • Personal name: Piccin V., Piccin T

670 ## - SOURCE DATA FOUND

  • Source citation: Work cat.: ()360226: Maggi Lidia (et al.) 61001, Amare con il corpo, 2024
CREDITS: SOCIETA' SAN PAOLO Via A.Severo, 58 - ROMA (RM) & PERIODICI SAN PAOLO SRL Via Giotto, 36 MILANO & CISF Via Giotto, 36 MILANO & EDIZIONI SAN PAOLO SRL,  Piazza Soncino, 5 CINISELLO BALSAMO (MI) -- ITALY